[Event "ARM-ch 1st League 85th"]
[Site "Yerevan"]
[Date "2024.11.29"]
[Round "6"]
[White "Sahakyan, Aleks"]
[Black "Sukiasyan, Vahe A"]
[Result "1/2-1/2"]
[WhiteElo "2380"]
[BlackElo "2368"]
[PlyCount "127"]
[EventDate "2024.11.24"]
[EventType "tourn"]
[EventRounds "11"]
[EventCountry "ARM"]
[EventCategory "5"]
[SourceTitle "CB51_2024"]
[SourceDate "2024.12.18"]
[SourceVersion "1"]
[SourceVersionDate "2024.12.18"]
[SourceQuality "1"]

1. e4 c5 2. Nf3 d6 3. Bb5+ Bd7 4. c4 Nc6 5. Nc3 e5 6. d3 Nge7 7. h4 h5 8. Bg5 f6 9. Be3 g6 10. Qd2 Bg7 11. Ba4 a6 12. Rb1 0-0 13. Bd1 b5 14. cxb5 axb5 15. Bb3+ Kh7 16. Nxb5 Qb8 17. Nc3 Nd4 18. Bc4 Nec6 19. a3 Ra7 20. b4 Nxf3+ 21. gxf3 Nd4 22. Bxd4 cxd4 23. Nd5 Rxa3 24. b5 f5 25. Rg1 fxe4 26. Qg5 Be8 27. fxe4 Qa8 28. b6 Ra2 29. Rg2 Ra1 30. Qc1 Rxb1 31. Qxb1 Qd8 32. Rg5 Bc6 33. b7 Bh6 34. Rg3 Qa5+ 35. Kf1 Qd2 36. Qe1 Bxb7 37. Qxd2 Bxd2 38. Ne7 Rf6 39. Ng8 Rf4 40. Ke2 d5 41. exd5 Bb4 42. Rg1 Bc8 43. Rb1 Bf8 44. d6 Bxd6 45. Rb6 Bf8 46. Nf6+ Kg7 47. Rc6 Rxf6 48. Rxc8 Rf4 49. Re8 Rxh4 50. Rxe5 Rf4 51. Bd5 Bd6 52. Re6 Rf6 53. Rxf6 Kxf6 54. f3 h4 55. Kf2 h3 56. Kg1 Bf4 57. Be4 Kg5 58. Kh1 Kh5 59. Kg1 g5 60. Kh1 Kh4 61. Kg1 Kg3 62. Kh1 Kf2 63. Bf5 Ke3 64. Be4 1/2-1/2

[Event "ARM-ch 1st League 85th"]
[Site "Yerevan"]
[Date "2024.11.24"]
[Round "1"]
[White "Sahakyan, Aleks"]
[Black "Agasarov, Benik"]
[Result "1/2-1/2"]
[WhiteElo "2380"]
[BlackElo "2410"]
[PlyCount "46"]
[EventDate "2024.11.24"]
[EventType "tourn"]
[EventRounds "11"]
[EventCountry "ARM"]
[EventCategory "5"]
[SourceTitle "CB51_2024"]
[SourceDate "2024.12.18"]
[SourceVersion "1"]
[SourceVersionDate "2024.12.18"]
[SourceQuality "1"]

1. c4 e6 2. g3 d5 3. Bg2 Nf6 4. Nf3 Nbd7 5. Qc2 c5 6. cxd5 Nxd5 7. 0-0 b6 8. d4 Bb7 9. Rd1 Qc8 10. Nc3 cxd4 11. Nxd4 Nxc3 12. Bxb7 Qxb7 13. Qxc3 Rc8 14. Qf3 Qxf3 15. exf3 a6 16. Be3 Nf6 17. Rac1 Rxc1 18. Rxc1 Kd7 19. Nc6 Bd6 20. Nd4 Nd5 21. f4 Bc5 22. Rd1 Rc8 23. Kf1 Nxe3+ 1/2-1/2

[Event "Wch U18"]
[Site "Florianopolis"]
[Date "2024.11.05"]
[Round "7"]
[White "Sahakyan, Aleks"]
[Black "Grebnev, Aleksey"]
[Result "1/2-1/2"]
[WhiteElo "2328"]
[BlackElo "2530"]
[PlyCount "97"]
[EventDate "2024.10.29"]
[EventType "swiss"]
[EventRounds "11"]
[EventCountry "BRA"]
[SourceTitle "CB45_2024"]
[Source "ChessBase"]
[SourceDate "2024.11.06"]
[SourceVersion "1"]
[SourceVersionDate "2024.11.06"]
[SourceQuality "1"]

1. d4 d5 2. Nf3 e6 3. c4 c6 4. Bg5 Be7 5. Bxe7 Qxe7 6. Qc2 Nf6 7. g3 0-0 8. Bg2 Nbd7 9. 0-0 b5 10. cxb5 cxb5 11. Nbd2 b4 12. Rfc1 Ba6 13. Bf1 Rfb8 14. Qa4 Bb5 15. Qa5 Qd8 16. Qxd8+ Rxd8 17. a4 bxa3 18. Rxa3 Rdb8 19. Rca1 a6 20. e3 Bxf1 21. Kxf1 Rxb2 22. Rxa6 Rxa6 23. Rxa6 g5 24. h3 h5 25. Ke1 g4 26. hxg4 hxg4 27. Ra8+ Kg7 28. Nh4 Nf8 29. Ra7 N8h7 30. f4 gxf3 31. Nhxf3 Rc2 32. Rb7 Ng4 33. e4 Nhf6 34. Ng5 Kg6 35. Nxf7 Nxe4 36. Nxe4 dxe4 37. Nd8 Nh2 38. Kd1 Ra2 39. Nxe6 e3 40. Nf4+ Kf5 41. Re7 Ng4 42. Ke1 Rd2 43. Rxe3 Nxe3 44. Kxd2 Nf1+ 45. Kd3 Nxg3 46. Ng2 Ke6 47. Ke3 Nf5+ 48. Ke4 Nxd4 49. Kxd4 1/2-1/2

[Event "Wch U18"]
[Site "Florianopolis"]
[Date "2024.11.01"]
[Round "4"]
[White "Kudaibergen, Nurlykhan"]
[Black "Sahakyan, Aleks"]
[Result "0-1"]
[WhiteElo "2159"]
[BlackElo "2328"]
[PlyCount "92"]
[EventDate "2024.10.29"]
[EventType "swiss"]
[EventRounds "11"]
[EventCountry "BRA"]
[SourceTitle "CB45_2024"]
[Source "ChessBase"]
[SourceDate "2024.11.06"]
[SourceVersion "1"]
[SourceVersionDate "2024.11.06"]
[SourceQuality "1"]

1. e4 c5 2. Nf3 Nc6 3. Nc3 e6 4. d4 cxd4 5. Nxd4 Nf6 6. Be2 Be7 7. Be3 0-0 8. g4 d5 9. exd5 Nxd5 10. Nxd5 Qxd5 11. Bf3 Qa5+ 12. c3 Rd8 13. Bxc6 bxc6 14. Qf3 Bb7 15. Nb3 Qb5 16. Qe2 Qa4 17. Qf3 Ba6 18. g5 Bc4 19. Bc5 Bxc5 20. Nxc5 Qc2 21. Qe3 Qxb2 22. Rc1 Rd5 23. Nb3 Bxb3 24. 0-0 Bc4 25. Rfd1 Qxa2 26. Rxd5 cxd5 27. h4 Qe2 28. Qg3 Qd3 29. Qf4 Qe4 30. Qg3 e5 31. Ra1 d4 32. cxd4 Bd5 33. Kh2 Qxd4 34. Ra5 Qe4 35. Rxd5 Qxd5 36. h5 Qe4 37. Qb3 Qf4+ 38. Kg2 Qxg5+ 39. Kh2 Qxh5+ 40. Kg2 Qg6+ 41. Kh2 a5 42. Qf3 Qa6 43. Qa3 a4 44. f4 exf4 45. Kg2 Qe6 46. Kh1 f3 0-1

[Event "Titled Tuesday intern op 10th Sep Early"]
[Site "Chess,com INT"]
[Date "2024.09.10"]
[Round "5"]
[White "Bortnyk, Olexandr"]
[Black "Sahakyan, Aleks"]
[Result "1-0"]
[WhiteElo "2608"]
[BlackElo "2267"]
[PlyCount "47"]
[EventDate "2024.09.10"]
[EventType "swiss (blitz)"]
[EventRounds "11"]
[EventCountry "USA"]
[SourceTitle "EXT 2025"]
[Source "ChessBase"]
[SourceDate "2024.10.14"]
[SourceVersion "1"]
[SourceVersionDate "2024.10.14"]
[SourceQuality "1"]

1. d4 Nf6 2. Nc3 g6 3. Bf4 Bg7 4. e3 0-0 5. h4 h6 6. h5 g5 7. Bxg5 hxg5 8. h6 Bh8 9. h7+ Kg7 10. Qf3 e6 11. Qh3 Ng4 12. f3 c5 13. fxg4 Qf6 14. Ne4 Qg6 15. Nf3 f6 16. Nd6 Nc6 17. Bd3 f5 18. gxf5 exf5 19. Nxf5+ Rxf5 20. Bxf5 Qf6 21. 0-0-0 Ne7 22. Bg4 b6 23. Ne5 Bb7 24. Nxd7 1-0

[Event "Titled Tuesday intern op 10th Sep Early"]
[Site "Chess,com INT"]
[Date "2024.09.10"]
[Round "4"]
[White "Sahakyan, Aleks"]
[Black "Badelka, Olga"]
[Result "1-0"]
[WhiteElo "2267"]
[BlackElo "2430"]
[PlyCount "63"]
[EventDate "2024.09.10"]
[EventType "swiss (blitz)"]
[EventRounds "11"]
[EventCountry "USA"]
[SourceTitle "EXT 2025"]
[Source "ChessBase"]
[SourceDate "2024.10.14"]
[SourceVersion "1"]
[SourceVersionDate "2024.10.14"]
[SourceQuality "1"]

1. e4 c5 2. Nc3 Nc6 3. Bb5 Nd4 4. Nf3 Nxb5 5. Nxb5 d6 6. d4 a6 7. Nc3 cxd4 8. Qxd4 Nf6 9. Bg5 e6 10. 0-0-0 h6 11. Bh4 Be7 12. e5 dxe5 13. Qxe5 Qb6 14. g4 0-0 15. g5 Nd7 16. Qg3 h5 17. g6 Bxh4 18. Nxh4 Nf6 19. gxf7+ Rxf7 20. Ng6 Ng4 21. Qh4 Bd7 22. Qxh5 Nh6 23. Ne5 Bc6 24. Nxf7 Nxf7 25. Rhg1 Qxf2 26. Rdf1 Qe3+ 27. Kb1 Rf8 28. Qg6 Qe5 29. Re1 Qd4 30. Ne2 Qe5 31. Nf4 Qd4 32. Nxe6 1-0

[Event "EU-ch U18"]
[Site "Prague"]
[Date "2024.08.26"]
[Round "5"]
[White "Sahakyan, Aleks"]
[Black "Chyzy, Jakub"]
[Result "1-0"]
[WhiteElo "2287"]
[BlackElo "2368"]
[PlyCount "72"]
[EventDate "2024.08.22"]
[EventType "swiss"]
[EventRounds "9"]
[EventCountry "CZE"]
[SourceTitle "CBM 221 Extra"]
[Source "ChessBase"]
[SourceDate "2024.09.30"]
[SourceVersion "1"]
[SourceVersionDate "2024.09.30"]
[SourceQuality "1"]

1. e4 e5 2. Nf3 Nc6 3. Bb5 a6 4. Ba4 d6 5. 0-0 Bd7 6. d4 exd4 7. Nxd4 Nxd4 8. Bxd7+ Qxd7 9. Qxd4 Ne7 10. b3 Nc6 11. Qe3 0-0-0 12. Bb2 d5 13. exd5 Qxd5 14. Nc3 Qh5 15. Ne4 Bd6 16. h3 Be5 17. Ng3 Bxg3 18. Qxg3 Rhe8 19. Rae1 g6 20. Kh2 Qf5 21. c4 Rxe1 22. Rxe1 Rd2 23. Bc1 Rxf2 24. Re8+ Kd7 25. Re3 Rf1 26. Bd2 Qf2 27. Rd3+ Kc8 28. Qg5 Qg1+ 29. Kg3 Qf2+ 30. Kh2 Qg1+ 31. Kg3 Nd4 32. Qd5 Qf2+ 33. Kh2 Qg1+ 34. Kg3 Nf5+ 35. Kg4 Nd6 36. Be3 Qh2 1-0

[Event "EU-ch U18 blitz"]
[Site "Prague"]
[Date "2024.08.20"]
[Round "13"]
[White "Sahakyan, Aleks"]
[Black "Palczert, Matyas"]
[Result "0-1"]
[WhiteElo "2287"]
[BlackElo "2341"]
[PlyCount "76"]
[EventDate "2024.08.19"]
[EventType "swiss (blitz)"]
[EventRounds "18"]
[EventCountry "CZE"]
[SourceTitle "CBM 221 Extra"]
[Source "ChessBase"]
[SourceDate "2024.09.30"]
[SourceVersion "1"]
[SourceVersionDate "2024.09.30"]
[SourceQuality "1"]

1. Nf3 Nf6 2. c4 e6 3. Nc3 d5 4. d4 Be7 5. Bf4 0-0 6. e3 b6 7. Be2 Ba6 8. cxd5 Nxd5 9. Nxd5 Qxd5 10. 0-0 c5 11. Bxa6 Nxa6 12. Qa4 Qb7 13. Rfd1 Rfd8 14. h3 h6 15. a3 Rac8 16. Qb5 Nc7 17. Qe2 Nd5 18. Be5 c4 19. Rdc1 c3 20. bxc3 Nxc3 21. Qd3 Nd5 22. Nd2 Rxc1+ 23. Rxc1 Rc8 24. Rb1 Rc3 25. Qb5 Qc6 26. a4 Qxb5 27. axb5 Rc2 28. Ne4 f5 29. Ng3 Nc3 30. Rb3 Nd1 31. f3 Rc1 32. Ne2 Rc2 33. Nf4 Kf7 34. d5 exd5 35. Nxd5 Bh4 36. Rd3 Rc1 37. g3 Nb2+ 38. Kg2 Nxd3 0-1

[Event "EU-ch U18 blitz"]
[Site "Prague"]
[Date "2024.08.20"]
[Round "11"]
[White "Sahakyan, Aleks"]
[Black "Pasti, Aron"]
[Result "1/2-1/2"]
[WhiteElo "2287"]
[BlackElo "2370"]
[PlyCount "150"]
[EventDate "2024.08.19"]
[EventType "swiss (blitz)"]
[EventRounds "18"]
[EventCountry "CZE"]
[SourceTitle "CBM 221 Extra"]
[Source "ChessBase"]
[SourceDate "2024.09.30"]
[SourceVersion "1"]
[SourceVersionDate "2024.09.30"]
[SourceQuality "1"]

1. Nf3 d5 2. d4 Nf6 3. c4 e6 4. Nc3 dxc4 5. e3 a6 6. a4 b6 7. Bxc4 Bb7 8. 0-0 Nbd7 9. Re1 c5 10. d5 exd5 11. Nxd5 Bd6 12. e4 Ne5 13. Nxe5 Bxe5 14. Bg5 0-0 15. Nxf6+ Bxf6 16. Qxd8 Rfxd8 17. Bxf6 gxf6 18. Rad1 Kf8 19. f3 Ke7 20. Kf2 Bc6 21. Bd5 Bxd5 22. exd5+ Kd6 23. Re4 b5 24. Rf4 Ke5 25. Re4+ Kd6 26. b3 bxa4 27. bxa4 Rab8 28. Rf4 Ke5 29. Re4+ Kd6 30. Rf4 Rb2+ 31. Kf1 Ke5 32. Rh4 f5 33. d6 Rxd6 34. f4+ Ke6 35. Rh6+ f6 36. Rxf6+ Kxf6 37. Rxd6+ Ke7 38. Rxa6 Kd7 39. Rf6 c4 40. Rxf5 c3 41. Rc5 c2 42. Ke1 Kd6 43. Rc8 c1Q+ 44. Rxc1 Rxg2 45. Rd1+ Ke6 46. Rd2 Rg1+ 47. Kf2 Ra1 48. Kg3 Rxa4 49. Kg4 Ra1 50. f5+ Kf6 51. Rd6+ Kf7 52. h4 Rg1+ 53. Kh5 Rf1 54. Kg5 Rg1+ 55. Kh6 Rf1 56. Rd5 Kf6 57. Kxh7 Rh1 58. Rd4 Kxf5 59. Kg7 Ke6 60. Kg6 Rg1+ 61. Kh7 Rh1 62. Rf4 Ke5 63. Ra4 Kf6 64. Kh6 Rh2 65. h5 Kf7 66. Rg4 Rf2 67. Kh7 Kf8 68. h6 Rf1 69. Kg6 Kg8 70. Rg5 Ra1 71. Rf5 Ra6+ 72. Kg5 Kh7 73. Rf7+ Kh8 74. Rf6 Rxf6 75. Kxf6 Kh7 1/2-1/2

[Event "EU-ch U18 blitz"]
[Site "Prague"]
[Date "2024.08.20"]
[Round "8"]
[White "Sahakyan, Aleks"]
[Black "Stevik, Patrik1"]
[Result "1-0"]
[WhiteElo "2287"]
[BlackElo "2244"]
[PlyCount "95"]
[EventDate "2024.08.19"]
[EventType "swiss (blitz)"]
[EventRounds "18"]
[EventCountry "CZE"]
[SourceTitle "CBM 221 Extra"]
[Source "ChessBase"]
[SourceDate "2024.09.30"]
[SourceVersion "1"]
[SourceVersionDate "2024.09.30"]
[SourceQuality "1"]

1. c4 e6 2. Nc3 d5 3. cxd5 exd5 4. d4 c5 5. Nf3 Nf6 6. Bg5 Be6 7. e3 c4 8. Be2 Bb4 9. 0-0 Nbd7 10. Qa4 Qa5 11. Qc2 0-0 12. Nd2 b5 13. f4 h6 14. Bh4 Bg4 15. Bf3 Rfe8 16. Rae1 Bxf3 17. gxf3 Bxc3 18. bxc3 b4 19. cxb4 Qxb4 20. Nb1 Rab8 21. Nc3 Qa3 22. Rf2 Kh8 23. e4 Qd6 24. e5 Qb6 25. Rd1 Ng8 26. Nxd5 Qc6 27. Nc3 Ne7 28. Qe4 Qa6 29. f5 Qb7 30. Qxb7 Rxb7 31. Bxe7 Rxe7 32. Nd5 Re8 33. Rc2 Rc8 34. Rdc1 Rb5 35. Ne3 Nb6 36. Nxc4 Nd5 37. Nd6 Rxc2 38. Rxc2 Rb4 39. Rc8+ Kh7 40. Nxf7 g6 41. f6 g5 42. Nxg5+ Kg6 43. f7 Rb1+ 44. Kf2 Rb2+ 45. Kg3 hxg5 46. f8Q Nf4 47. Qf6+ Kh5 48. Rh8# 1-0

[Event "EU-ch U18 blitz"]
[Site "Prague"]
[Date "2024.08.19"]
[Round "4"]
[White "Ribera Veganzones, Serni"]
[Black "Sahakyan, Aleks"]
[Result "1-0"]
[WhiteElo "2309"]
[BlackElo "2287"]
[PlyCount "105"]
[EventDate "2024.08.19"]
[EventType "swiss (blitz)"]
[EventRounds "18"]
[EventCountry "CZE"]
[SourceTitle "CBM 221 Extra"]
[Source "ChessBase"]
[SourceDate "2024.09.30"]
[SourceVersion "1"]
[SourceVersionDate "2024.09.30"]
[SourceQuality "1"]

1. e4 c5 2. Nf3 Nc6 3. Bb5 d6 4. 0-0 Bd7 5. Re1 a6 6. Bf1 Nf6 7. c3 Bg4 8. h3 Bxf3 9. Qxf3 g6 10. Na3 Bg7 11. Nc2 Nd7 12. Qd1 Qb6 13. a4 0-0 14. Ne3 e6 15. d3 Qc7 16. g3 b5 17. Bg2 b4 18. Bd2 Rab8 19. Nc4 bxc3 20. bxc3 Nde5 21. Nxe5 Nxe5 22. Qc2 Rb7 23. Rab1 Rfb8 24. f4 Nc6 25. Kh2 Qa5 26. Rxb7 Rxb7 27. f5 Qb6 28. fxe6 fxe6 29. h4 Ne5 30. Rf1 Qb2 31. Qxb2 Rxb2 32. Bf4 Ng4+ 33. Kh1 Be5 34. Bxe5 Nxe5 35. Bh3 Nxd3 36. Bxe6+ Kg7 37. Bc4 Nf2+ 38. Kg2 Nxe4+ 39. Kh3 Nf2+ 40. Kg2 Ng4+ 41. Kg1 Ne5 42. Bd5 Rd2 43. c4 Rd4 44. a5 Nxc4 45. Rf7+ Kh6 46. Bxc4 Rxc4 47. Ra7 Ra4 48. Rxa6 d5 49. Rd6 d4 50. a6 Kh5 51. Kg2 Kg4 52. Rd5 Rxa6 53. Rg5# 1-0

[Event "EU-ch U18 rapid"]
[Site "Prague"]
[Date "2024.08.18"]
[Round "7"]
[White "Fishchuk, Vladyslav"]
[Black "Sahakyan, Aleks"]
[Result "1/2-1/2"]
[WhiteElo "2264"]
[BlackElo "2287"]
[PlyCount "39"]
[EventDate "2024.08.17"]
[EventType "swiss (rapid)"]
[EventRounds "9"]
[EventCountry "CZE"]
[SourceTitle "CBM 221 Extra"]
[Source "ChessBase"]
[SourceDate "2024.09.30"]
[SourceVersion "1"]
[SourceVersionDate "2024.09.30"]
[SourceQuality "1"]

1. Nc3 Nf6 2. e4 e5 3. Nf3 Nc6 4. Bb5 Bd6 5. 0-0 0-0 6. d3 h6 7. a3 a6 8. Bc4 Re8 9. h3 Bc5 10. Be3 Nd4 11. Bxd4 exd4 12. Nd5 Nxd5 13. Bxd5 c6 14. Bb3 d6 15. Nd2 Qh4 16. f4 Bxh3 17. gxh3 Qg3+ 18. Kh1 Qxh3+ 19. Kg1 Qg3+ 20. Kh1 1/2-1/2

[Event "EU-ch U18 rapid"]
[Site "Prague"]
[Date "2024.08.18"]
[Round "9"]
[White "Sahakyan, Aleks"]
[Black "Hrbek, Stepan"]
[Result "1/2-1/2"]
[WhiteElo "2287"]
[BlackElo "2414"]
[PlyCount "65"]
[EventDate "2024.08.17"]
[EventType "swiss (rapid)"]
[EventRounds "9"]
[EventCountry "CZE"]
[SourceTitle "CBM 221 Extra"]
[Source "ChessBase"]
[SourceDate "2024.09.30"]
[SourceVersion "1"]
[SourceVersionDate "2024.09.30"]
[SourceQuality "1"]

1. d4 Nf6 2. Nf3 d5 3. c4 e6 4. Nc3 Bb4 5. Bg5 h6 6. Bxf6 Qxf6 7. e3 0-0 8. Rc1 dxc4 9. Bxc4 c5 10. 0-0 cxd4 11. Ne4 Qe7 12. a3 Ba5 13. Qxd4 Nc6 14. Qc5 Bd7 15. Qxe7 Nxe7 16. Nc5 Bc6 17. Ne5 Bb6 18. Ncd7 Rfd8 19. Nxb6 axb6 20. Nxc6 bxc6 21. Rfd1 c5 22. Kf1 Nf5 23. Ke2 Nd6 24. Bd3 Kf8 25. Rc3 Ke7 26. Rdc1 Ra4 27. Bc2 Ra7 28. Bd3 Ra4 29. f4 f6 30. Bc2 Ra7 31. Bd3 Ra4 32. Bc2 Ra7 33. Bd3 1/2-1/2

[Event "EU-ch U18 rapid"]
[Site "Prague"]
[Date "2024.08.17"]
[Round "3"]
[White "Sahakyan, Aleks"]
[Black "Javornik, Nik"]
[Result "1-0"]
[WhiteElo "2287"]
[BlackElo "2212"]
[PlyCount "65"]
[EventDate "2024.08.17"]
[EventType "swiss (rapid)"]
[EventRounds "9"]
[EventCountry "CZE"]
[SourceTitle "CBM 221 Extra"]
[Source "ChessBase"]
[SourceDate "2024.09.30"]
[SourceVersion "1"]
[SourceVersionDate "2024.09.30"]
[SourceQuality "1"]

1. e4 c5 2. Nf3 g6 3. c3 d5 4. exd5 Qxd5 5. d4 Bg7 6. Be3 cxd4 7. cxd4 Nf6 8. Nc3 Qd8 9. Bc4 0-0 10. 0-0 Nc6 11. d5 Na5 12. Be2 b6 13. Nd4 Bd7 14. b4 Nb7 15. Nc6 Qe8 16. Rc1 Nd6 17. Bf3 e5 18. Re1 e4 19. Bf4 Bxc6 20. dxc6 Nf5 21. Nxe4 Qc8 22. Nxf6+ Bxf6 23. c7 Nd4 24. Bxa8 Qxa8 25. Be5 Bxe5 26. Rxe5 Ne6 27. Qd7 Rc8 28. Rxe6 fxe6 29. Qxe6+ Kg7 30. Rd1 Qb7 31. Rd7+ Kh6 32. Qe3+ g5 33. Qe6+ 1-0

[Event "Titled Tuesday intern op 13th Aug Early"]
[Site "Chess.com INT"]
[Date "2024.08.13"]
[Round "8"]
[White "Indjic, Aleksandar"]
[Black "Sahakyan, Aleks"]
[Result "1-0"]
[WhiteElo "2610"]
[BlackElo "2287"]
[PlyCount "93"]
[EventDate "2024.08.13"]
[EventType "swiss (blitz)"]
[EventRounds "11"]
[EventCountry "USA"]
[SourceTitle "EXT 2025"]
[Source "ChessBase"]
[SourceDate "2024.10.14"]
[SourceVersion "1"]
[SourceVersionDate "2024.10.14"]
[SourceQuality "1"]

1. Nf3 d5 2. e3 Nf6 3. c4 dxc4 4. Bxc4 c5 5. d4 e6 6. 0-0 a6 7. Qe2 b5 8. Bb3 Bb7 9. Rd1 Nbd7 10. a3 Qc7 11. Nc3 Bd6 12. h3 0-0 13. e4 cxd4 14. Nxd4 Nc5 15. Bc2 h6 16. f3 Bh2+ 17. Kf2 Rfd8 18. Be3 Nh5 19. Rd2 Nf4 20. Qd1 h5 21. Kf1 h4 22. Nde2 Ng6 23. Rxd8+ Rxd8 24. Qe1 Nd3 25. Bxd3 Rxd3 26. Bf2 Qd7 27. Rd1 a5 28. Rxd3 Qxd3 29. b4 axb4 30. axb4 Qc4 31. Bc5 Ne5 32. Qxh4 f6 33. Qf2 Nd3 34. Qd4 Be5 35. Qxc4 bxc4 36. g3 g5 37. h4 gxh4 38. gxh4 f5 39. h5 Kh7 40. Bf8 fxe4 41. fxe4 Nf4 42. h6 Nxe2 43. Nxe2 Bxe4 44. b5 c3 45. Ke1 Bd3 46. b6 c2 47. Ba3 1-0

[Event "Titled Tuesday intern op 13th Aug Early"]
[Site "Chess.com INT"]
[Date "2024.08.13"]
[Round "5"]
[White "Le, Tuan Minh"]
[Black "Sahakyan, Aleks"]
[Result "1-0"]
[WhiteElo "2564"]
[BlackElo "2287"]
[PlyCount "51"]
[EventDate "2024.08.13"]
[EventType "swiss (blitz)"]
[EventRounds "11"]
[EventCountry "USA"]
[SourceTitle "EXT 2025"]
[Source "ChessBase"]
[SourceDate "2024.10.14"]
[SourceVersion "1"]
[SourceVersionDate "2024.10.14"]
[SourceQuality "1"]

1. d4 Nf6 2. Nf3 g5 3. Bxg5 Bg7 4. Nbd2 d5 5. c3 Bf5 6. Qb3 Nbd7 7. g3 0-0 8. Bg2 c5 9. 0-0 c4 10. Qa3 b5 11. Nh4 Be6 12. e4 a5 13. exd5 Nxd5 14. Bxd5 Bxd5 15. Bxe7 b4 16. Bxd8 bxa3 17. Be7 axb2 18. Rab1 Rfb8 19. Nf5 a4 20. Ba3 Bf8 21. Bxf8 Kxf8 22. Ne3 Nf6 23. a3 Rb7 24. f3 Rc8 25. Rf2 Be6 26. Nd1 1-0

[Event "Titled Tuesday intern op 13th Aug Early"]
[Site "Chess.com INT"]
[Date "2024.08.13"]
[Round "1"]
[White "Mihajlovskij, Sergei"]
[Black "Sahakyan, Aleks"]
[Result "1/2-1/2"]
[WhiteElo "2312"]
[BlackElo "2287"]
[PlyCount "141"]
[EventDate "2024.08.13"]
[EventType "swiss (blitz)"]
[EventRounds "11"]
[EventCountry "USA"]
[SourceTitle "EXT 2025"]
[Source "ChessBase"]
[SourceDate "2024.10.14"]
[SourceVersion "1"]
[SourceVersionDate "2024.10.14"]
[SourceQuality "1"]

1. e4 g6 2. d4 Bg7 3. Nc3 c6 4. Nf3 d5 5. h3 dxe4 6. Nxe4 Nd7 7. Bd3 Ngf6 8. Nxf6+ Nxf6 9. 0-0 0-0 10. Bg5 Qb6 11. Qc1 Rd8 12. Rd1 Be6 13. c3 a5 14. Ne5 a4 15. Nc4 Qa7 16. Re1 b5 17. Nd2 b4 18. Nf3 c5 19. Rxe6 fxe6 20. Qe3 Rd6 21. dxc5 Nd5 22. Qe2 Qxc5 23. c4 a3 24. cxd5 axb2 25. Rb1 Qxd5 26. Be4 Qxa2 27. Qe1 Rc8 28. Bxe7 Ra6 29. Bxb4 Qxb1 30. Bxb1 Rc1 31. Kh2 Rxe1 32. Bxe1 Ra1 33. Be4 b1Q 34. Bxb1 Rxb1 35. Bd2 h6 36. Be3 Kf7 37. Kg3 g5 38. Nd2 Rb4 39. Kf3 Kg6 40. Ne4 Be5 41. Bc5 Rb3+ 42. Be3 h5 43. Nc5 Rb6 44. Nd7 Rb5 45. Nf8+ Kf7 46. Nh7 Bf6 47. Nxf6 Kxf6 48. Ke2 Kf5 49. Kf3 g4+ 50. hxg4+ hxg4+ 51. Kg3 Rb3 52. Kh4 e5 53. Kg3 Ra3 54. Kh4 Ke4 55. Kxg4 Rxe3 56. fxe3 Kxe3 57. Kf5 e4 58. g4 Kf3 59. g5 e3 60. g6 e2 61. g7 e1Q 62. g8Q Qe4+ 63. Kf6 Qf4+ 64. Ke7 Qc7+ 65. Kf8 Qd8+ 66. Kg7 Qg5+ 67. Kf8 Qd8+ 68. Kg7 Qd4+ 69. Kf8 Qf6+ 70. Qf7 Qxf7+ 71. Kxf7 1/2-1/2

[Event "Titled Tuesday intern op 13th Aug Late"]
[Site "Chess.com INT"]
[Date "2024.08.13"]
[Round "2"]
[White "Mikhalsky, Vladimir"]
[Black "Sahakyan, Aleks"]
[Result "0-1"]
[WhiteElo "2219"]
[BlackElo "2287"]
[PlyCount "28"]
[EventDate "2024.08.13"]
[EventType "swiss (blitz)"]
[EventRounds "11"]
[EventCountry "USA"]
[SourceTitle "EXT 2025"]
[Source "ChessBase"]
[SourceDate "2024.10.14"]
[SourceVersion "1"]
[SourceVersionDate "2024.10.14"]
[SourceQuality "1"]

1. c4 Nf6 2. Nc3 g6 3. e4 e5 4. Nge2 Bg7 5. d4 exd4 6. Nxd4 0-0 7. f3 Nc6 8. Be2 Nxe4 9. Nxc6 Nxc3 10. Nxd8 Nxd1 11. Nxb7 Nxb2 12. Rb1 Na4 13. Na5 Re8 14. Bd2 Nc3 0-1

[Event "Titled Tuesday intern op 13th Aug Late"]
[Site "Chess.com INT"]
[Date "2024.08.13"]
[Round "7"]
[White "Narva, Mai"]
[Black "Sahakyan, Aleks"]
[Result "1-0"]
[WhiteElo "2421"]
[BlackElo "2287"]
[PlyCount "167"]
[EventDate "2024.08.13"]
[EventType "swiss (blitz)"]
[EventRounds "11"]
[EventCountry "USA"]
[SourceTitle "EXT 2025"]
[Source "ChessBase"]
[SourceDate "2024.10.14"]
[SourceVersion "1"]
[SourceVersionDate "2024.10.14"]
[SourceQuality "1"]

1. e4 c6 2. d4 d5 3. e5 Bf5 4. h4 h6 5. Bd3 Bxd3 6. cxd3 e6 7. Nc3 Ne7 8. Nf3 Nf5 9. Ne2 c5 10. dxc5 Bxc5 11. d4 Bb4+ 12. Bd2 Qa5 13. h5 Nc6 14. a3 Bxd2+ 15. Qxd2 Qxd2+ 16. Kxd2 Na5 17. Kd3 Kd7 18. g4 Ne7 19. Nd2 Rac8 20. Rac1 Rxc1 21. Rxc1 g6 22. Ng3 g5 23. b4 Nac6 24. Nb3 b6 25. Ne2 Rg8 26. Nc3 Rf8 27. b5 Nb8 28. Nd2 f5 29. exf6 Rxf6 30. Ke3 Kd6 31. Ne2 Rf8 32. f4 gxf4+ 33. Nxf4 Rg8 34. Rg1 Nd7 35. Nf3 Rc8 36. g5 Nf5+ 37. Kd2 hxg5 38. Rxg5 Nf6 39. Rg6 Ne4+ 40. Kd1 Re8 41. h6 Nc3+ 42. Kd2 Nxb5 43. Nxe6 Ke7 44. h7 Rh8 45. Neg5 Nbd6 46. Rg8 Nf7 47. Nxf7 Rxh7 48. N7e5 Rh2+ 49. Kd3 Ra2 50. Ra8 Rxa3+ 51. Ke2 a5 52. Rb8 Rb3 53. Rb7+ Kd6 54. Rf7 Rb2+ 55. Kd1 Nxd4 56. Nxd4 Kxe5 57. Nc2 Rb3 58. Kd2 a4 59. Ra7 b5 60. Ne3 Kd4 61. Nc2+ Kc5 62. Rc7+ Kd6 63. Rc8 a3 64. Ra8 b4 65. Nxb4 Rxb4 66. Rxa3 Rh4 67. Ra6+ Ke5 68. Ra8 Rh2+ 69. Kd1 Ke4 70. Ra4+ d4 71. Ra3 Rh8 72. Rb3 Rc8 73. Rh3 Ra8 74. Rb3 Ra1+ 75. Kd2 Ra2+ 76. Kd1 Kd5 77. Rh3 Kc4 78. Rg3 Rf2 79. Rh3 Rg2 80. Rf3 Rg1+ 81. Kd2 Ra1 82. Rh3 Ra8 83. Rg3 Rg8 84. Rxg8 1-0

[Event "Titled Tuesday intern op 13th Aug Early"]
[Site "Chess.com INT"]
[Date "2024.08.13"]
[Round "2"]
[White "Sahakyan, Aleks"]
[Black "Goh, Zi Han"]
[Result "1-0"]
[WhiteElo "2287"]
[BlackElo "2319"]
[PlyCount "59"]
[EventDate "2024.08.13"]
[EventType "swiss (blitz)"]
[EventRounds "11"]
[EventCountry "USA"]
[SourceTitle "EXT 2025"]
[Source "ChessBase"]
[SourceDate "2024.10.14"]
[SourceVersion "1"]
[SourceVersionDate "2024.10.14"]
[SourceQuality "1"]

1. e4 g6 2. d4 d6 3. Nc3 c6 4. Nf3 Nf6 5. Be2 Bg7 6. 0-0 0-0 7. Be3 b5 8. a3 Nbd7 9. h3 e5 10. dxe5 Nxe5 11. Nxe5 dxe5 12. Bc5 Re8 13. Qxd8 Rxd8 14. Rfd1 Be6 15. Rxd8+ Rxd8 16. Bxa7 Ra8 17. Be3 b4 18. Nd1 Nxe4 19. a4 b3 20. cxb3 Bxb3 21. a5 Bf8 22. Nc3 Nxc3 23. bxc3 c5 24. a6 Ra7 25. Bb5 Bd5 26. Rd1 Ba8 27. Rd8 Kg7 28. Rxf8 Kxf8 29. Bxc5+ Re7 30. Bd7 1-0